Normal view
MARC view
- HUSE, EDGER,BOWDITCH, JAMES L
Entry Personal Name
001 - CONTROL NUMBER
- control field: 76310
003 - CONTROL NUMBER IDENTIFIER
- control field: NUST
005 - DATE AND TIME OF LATEST TRANSACTION
- control field: 20210628205625.0
008 - FIXED-LENGTH DATA ELEMENTS
- fixed length control field: 210628|| aca||aabn | a|a d
040 ## - CATALOGING SOURCE
- Original cataloging agency: NUST
- Transcribing agency: NUST
100 ## - HEADING--PERSONAL NAME
- Personal name: HUSE, EDGER,BOWDITCH, JAMES L
670 ## - SOURCE DATA FOUND
- Source citation: Work cat.: (NUST): HUSE, EDGER,BOWDITCH, JAMES L, BEHAVIOR IN ORGANIZATIONS A SYSTEMS APPROACH TO MANAGING, 1977
